Statistics for Teams That Have Won the Most Champions League Titles

Click here to take the quiz!

General Stats

  • This quiz has been taken 29 times
  • The average score is 11 of 12

Answer Stats

Titles WonTeam% Correct
13Real Madrid
100%
6Liverpool
100%
3Manchester United
100%
5Bayern Munich
96%
5Barcelona
96%
7AC Milan
93%
3Inter Milan
89%
4AFC Ajax
85%
2Juventus
81%
2Porto
78%
2SL Benfica
74%
2Nottingham Forest
74%

Score Distribution

Percentile by Number Answered

Percent of People with Each Score

Your Score History

You have not taken this quiz